书目信息 |
| 题名: |
普通数学
|
|
| 作者: | Pisot , Zamansky 著 ;邓应生 译 | |
| 分册: | 第三卷 数学工具与方法 | |
| 出版信息: | 北京 高等教育出版社 1987.7 |
|
| 页数: | 205页 | |
| 开本: | 20cm | |
| 丛书名: | ||
| 单 册: | ||
| 中图分类: | O13 | |
| 科图分类: | ||
| 主题词: | 积分 , 初等函数 , 数学 | |
| 电子资源: | ||
| ISBN: | ||
| 000 | 00944nam0 2200301 45 | |
| 001 | 0188006425 | |
| 005 | 20060510152753.21 | |
| 010 | @dCNY1.50 | |
| 020 | @aCN@b88006425 | |
| 091 | @a13010.01156 | |
| 100 | @a19910411d1987 ek y0chiy0120 ea | |
| 101 | 1 | @achi@cfre |
| 102 | @aCN@b110000 | |
| 105 | @a 000zy | |
| 200 | 10 | @a普通数学@Apu tong shu xue@h第三卷@i数学工具与方法@Ishu xue gong ju yu fang fa@f(法)C·Pisot,(法)M·Zamansky著@F(fa)C·Pisot,(fa)M·Zamansky zhu@g邓应生译 |
| 210 | @a北京@c高等教育出版社@d1987.7 | |
| 215 | @a205页@d20cm | |
| 300 | @a著者原题无汉译名 | |
| 330 | @a本书内容包括单实变量的实函数积分(初等理论);数值函数的局部研究;初等函数;积分法及初等微分方程等共5章。 | |
| 606 | @a积分 | |
| 606 | @a初等函数 | |
| 606 | @a数学 | |
| 690 | @aO13@v4 | |
| 701 | 0 | @aPisot@4著 |
| 701 | 0 | @aZamansky@4著 |
| 702 | 0 | @a邓应生@Adeng ying sheng@4译 |
| 801 | 0 | @aCN@bTSSF@c20060510 |
| 905 | @a10447@dO13@e1:3 | |
| 普通数学.第三卷.数学工具与方法/(法)C·Pisot,(法)M·Zamansky著/邓应生译.-北京:高等教育出版社,1987.7 |
| 205页;20cm |
| 著者原题无汉译名 |
| ISBN :CNY1.50 |
| 本书内容包括单实变量的实函数积分(初等理论);数值函数的局部研究;初等函数;积分法及初等微分方程等共5章。 |
| ● |
| 相关链接 |
|
|
|
|
正题名:普通数学
索取号:O13/1:3
 
预约/预借
| 序号 | 登录号 | 条形码 | 馆藏地/架位号 | 状态 | 备注 |
| 1 | 0205134 | 202319678 | 密集书库/ [索取号:O13/1:3] | 在馆 | |
| 2 | 0205135 | 202276811 | 密集书库/ [索取号:O13/1:3] | 在馆 | |
| 3 | 0205136 | 202276820 | 密集书库/ [索取号:O13/1:3] | 在馆 |